Statistics for Super Smash Bros. 4 3DS All Characters Quiz

Click here to take the quiz!

General Stats

  • This quiz has been taken 55 times
  • The average score is 41 of 55

Answer Stats

Original GameCharacter% Correct
Super Smash Bros. N64Mario
100%
Super Smash Bros. MeleePeach
100%
Super Smash Bros. N64Luigi
96%
Super Smash Bros. MeleeBowser
93%
Super Smash Bros. 4 Wii U and 3DSBowser Jr.
86%
Super Smash Bros. BrawlDiddy Kong
86%
Super Smash Bros. N64Donkey Kong
86%
Super Smash Bros. N64Pikachu
86%
Super Smash Bros. N64Yoshi
86%
Super Smash Bros. MeleeZelda
86%
Super Smash Bros. MeleeFalco
82%
Super Smash Bros. N64Fox
82%
Super Smash Bros. MeleeGanondorf
82%
Super Smash Bros. N64Kirby
82%
Super Smash Bros. N64Link
82%
Super Smash Bros. 4 Wii U and 3DSRosalina and Luma
82%
Super Smash Bros. N64Samus
82%
Super Smash Bros. MeleeSheik
82%
Super Smash Bros. BrawlCharizard
79%
Super Smash Bros. N64Jigglypuff
79%
Super Smash Bros. BrawlKing Dedede
79%
Super Smash Bros. MeleeMarth
79%
Super Smash Bros. 4 Wii U and 3DSMega Man
79%
Super Smash Bros. BrawlMeta Knight
79%
Super Smash Bros. N64Ness
79%
Super Smash Bros. BrawlR.O.B.
79%
Super Smash Bros. N64Captain Falcon
75%
Super Smash Bros. MeleeDr. Mario
75%
Super Smash Bros. BrawlLucario
75%
Super Smash Bros. BrawlLucas
75%
Super Smash Bros. 4 Wii U and 3DSLucina
75%
Super Smash Bros. MeleeMewtwo
75%
Super Smash Bros. 4 Wii U and 3DSPac-Man
75%
Super Smash Bros. MeleeRoy
75%
Super Smash Bros. BrawlWario
75%
Super Smash Bros. 4 Wii U and 3DSCorrin
71%
Super Smash Bros. BrawlIke
71%
Super Smash Bros. BrawlSonic
71%
Super Smash Bros. BrawlToon Link
71%
Super Smash Bros. BrawlZero Suit Samus
71%
Super Smash Bros. 4 Wii U and 3DSDark Pit
68%
Super Smash Bros. MeleeMr. Game and Watch
68%
Super Smash Bros. BrawlPit
68%
Super Smash Bros. 4 Wii U and 3DSRobin
68%
Super Smash Bros. 4 Wii U and 3DSBayonetta
64%
Super Smash Bros. 4 Wii U and 3DSGreninja
64%
Super Smash Bros. 4 Wii U and 3DSPalutena
64%
Super Smash Bros. 4 Wii U and 3DSWii Fit Trainer
64%
Super Smash Bros. BrawlOlimar
61%
Super Smash Bros. 4 Wii U and 3DSRyu
61%
Super Smash Bros. 4 Wii U and 3DSCloud
57%
Super Smash Bros. 4 Wii U and 3DSVillager
57%
Super Smash Bros. 4 Wii U and 3DSDuck Hunt
54%
Super Smash Bros. 4 Wii U and 3DSLittle Mac
54%
Super Smash Bros. 4 Wii U and 3DSShulk
54%

Score Distribution

Percentile by Number Answered

Percent of People with Each Score

Your Score History

You have not taken this quiz